| 000 | 00854nam a2200229Ia 4500 | ||
|---|---|---|---|
| 001 | 9013 | ||
| 003 | GE_BSU | ||
| 008 | 181216s||||||||xx |||||||||||||| ||und|| | ||
| 040 | _cGE_BSU | ||
| 080 | _a82-93:821.353.1-32 | ||
| 100 | _aკლდიაშვილი,სერგო | ||
| 245 | _aმინანქრის გოგონა ლომბარდში | ||
| 245 | _bმოთხრობები საშ.სასკ.ასაკის ბავშვ–ს | ||
| 245 | _cრედ.ნ.გოგოძე;მხატვ.დ.გრიგოლია | ||
| 260 | _aთბილისი | ||
| 260 | _bნაკადული | ||
| 260 | _c1979 | ||
| 300 | _a355გვ.20სმ. | ||
| 653 | _aმინანქრის გოგონა ლომბარდში | ||
| 653 | _aმოთხრობები | ||
| 942 | _cBK | ||
| 999 |
_c42318 _d42318 |
||